[Event "Imola op 3rd"]
[Site "Imola"]
[Date "2020.12.07"]
[Round "4"]
[White "Biccari, Alessandro"]
[Black "Doric, Senad"]
[Result "0-1"]
[WhiteElo "1843"]
[BlackElo "2059"]
[PlyCount "116"]
[EventDate "2020.12.05"]
[EventType "swiss"]
[EventRounds "6"]
[EventCountry "ITA"]
[SourceTitle "CBM 199 Extra"]
[Source "ChessBase"]
[SourceDate "2021.01.31"]
[SourceVersion "1"]
[SourceVersionDate "2021.01.31"]
[SourceQuality "1"]

1. e4 e5 2. d4 exd4 3. Nf3 Nc6 4. Nxd4 d6 5. Nc3 Nf6 6. Bg5 Be7 7. Bb5 Bd7 8. Bxc6 bxc6 9. 0-0 0-0 10. Nf5 Bxf5 11. exf5 Nd7 12. Bxe7 Qxe7 13. Re1 Qf6 14. Qh5 d5 15. Re3 Rfe8 16. Rae1 Rxe3 17. Rxe3 h6 18. h3 a5 19. Qe2 Kf8 20. g4 Qd6 21. Kg2 Nf6 22. f3 Qb4 23. Nd1 Re8 24. Rxe8+ Nxe8 25. c3 Qb5 26. Kf2 Qxe2+ 27. Kxe2 Ke7 28. Nf2 c5 29. Nd3 Kd6 30. Ke3 c4 31. Nf4 Nf6 32. Ne2 c5 33. Ng3 Nd7 34. b3 cxb3 35. axb3 Nb6 36. Ne2 c4 37. bxc4 Nxc4+ 38. Kd4 a4 39. f4 a3 40. Nc1 f6 41. h4 Na5 42. h5 Nc6+ 43. Kd3 Kc5 44. Na2 Na5 45. Nc1 Nc4 46. Nb3+ Kc6 47. Kd4 a2 48. Na1 Na5 49. Kd3 Kc5 50. g5 Nc6 51. Nb3+ Kb5 52. Na1 Ka4 53. Kc2 Ka3 54. Nb3 Na5 55. Na1 Nc4 56. Kc1 Ne3 57. c4 dxc4 58. gxh6 gxh6 0-1

[Event "Trieste Excelsior Palace op 2nd"]
[Site "Trieste"]
[Date "2018.01.06"]
[Round "7"]
[White "Biccari, Alessandro"]
[Black "Rossi, Francesco"]
[Result "1/2-1/2"]
[WhiteElo "1839"]
[BlackElo "1869"]
[PlyCount "95"]
[EventDate "2018.01.02"]
[EventType "swiss"]
[EventRounds "7"]
[EventCountry "ITA"]
[SourceTitle "CBM 182 Extra"]
[Source "ChessBase"]
[SourceDate "2018.02.23"]
[SourceVersion "1"]
[SourceVersionDate "2018.02.23"]
[SourceQuality "1"]

1. e4 e5 2. Nf3 d6 3. d4 Nd7 4. Bc4 c6 5. dxe5 Be7 6. 0-0 dxe5 7. Ng5 Bxg5 8. Qh5 Qe7 9. Bxg5 Ngf6 10. Qe2 b5 11. Bb3 Nc5 12. Nd2 Be6 13. Rac1 0-0 14. Rfe1 a5 15. c4 b4 16. Qe3 a4 17. Bc2 Rfd8 18. Bb1 Qd6 19. Qg3 Bc8 20. Nf3 Re8 21. Rcd1 Qe6 22. Nh4 Qg4 23. Bxf6 Qxg3 24. hxg3 gxf6 25. Rd6 Be6 26. Nf5 Bxc4 27. Rc1 Nb7 28. Rxc4 Nxd6 29. Nxd6 Re6 30. Nf5 Rd8 31. Bc2 Rd2 32. Kf1 b3 33. axb3 axb3 34. Bxb3 Rxb2 35. Rb4 Rb1+ 36. Ke2 Rb2+ 37. Kf3 Kf8 38. Rb8+ Re8 39. Rb7 Re6 40. Ke3 c5 41. Kd3 c4+ 42. Kxc4 Rxf2 43. Kd3 Rb2 44. Kc3 Rxg2 45. Bxe6 fxe6 46. Rb8+ Kf7 47. Rb7+ Kf8 48. Rb8+ 1/2-1/2

[Event "Trieste Excelsior Palace op 2nd"]
[Site "Trieste"]
[Date "2018.01.03"]
[Round "2"]
[White "Biccari, Alessandro"]
[Black "Poli, Diego"]
[Result "1-0"]
[WhiteElo "1839"]
[BlackElo "1637"]
[PlyCount "145"]
[EventDate "2018.01.02"]
[EventType "swiss"]
[EventRounds "7"]
[EventCountry "ITA"]
[SourceTitle "CBM 182 Extra"]
[Source "ChessBase"]
[SourceDate "2018.02.23"]
[SourceVersion "1"]
[SourceVersionDate "2018.02.23"]
[SourceQuality "1"]

1. e4 e5 2. Nf3 Nc6 3. Bc4 Bc5 4. b4 Bxb4 5. c3 Bc5 6. 0-0 Nf6 7. d4 Be7 8. dxe5 Ng4 9. Qd5 0-0 10. h3 Nh6 11. Bxh6 gxh6 12. Nd4 Nxd4 13. Qxd4 d6 14. exd6 Qxd6 15. f4 Be6 16. Bxe6 Qxe6 17. Rf3 f6 18. Nd2 Rad8 19. Qe3 Qc6 20. Nb3 Qb6 21. Nd4 Bc5 22. Rd1 Bxd4 23. cxd4 f5 24. Rg3+ Kh8 25. exf5 Rxf5 26. Qe7 Qf6 27. Qxc7 Rxf4 28. d5 Qb6+ 29. Qxb6 axb6 30. Rc3 Rf7 31. Rb3 Rf6 32. a4 Rd7 33. Rb5 Kg7 34. Rdb1 Rdd6 35. Re1 Kg6 36. Re7 Rf7 37. Re6+ Rxe6 38. dxe6 Re7 39. Rxb6 Kf6 40. a5 h5 41. Kf2 Rc7 42. Kg3 Rc3+ 43. Kh4 Rc5 44. Rxb7 Kxe6 45. a6 Ra5 46. a7 Kf6 47. Rxh7 Kg6 48. Rb7 Kh6 49. g4 hxg4 50. hxg4 Ra4 51. Rb4 Rxa7 52. Rb6+ Kg7 53. Kh5 Ra1 54. Rb7+ Kf6 55. g5+ Kf5 56. Rf7+ Ke6 57. Kg6 Rg1 58. Rf2 Ke7 59. Kh6 Re1 60. g6 Rh1+ 61. Kg7 Rg1 62. Kh7 Rg3 63. Kg7 Ke6 64. Rf8 Ke7 65. Rf7+ Ke6 66. Kh7 Rh3+ 67. Kg8 Ra3 68. g7 Ra8+ 69. Rf8 Ra3 70. Rb8 Rf3 71. Rb6+ Ke7 72. Kh7 Rh3+ 73. Rh6 1-0

[Event "Trieste Excelsior Palace op 1st"]
[Site "Trieste"]
[Date "2017.01.06"]
[Round "7"]
[White "Biccari, Alessandro"]
[Black "Giordani, Roberto"]
[Result "1/2-1/2"]
[WhiteElo "1848"]
[BlackElo "1856"]
[PlyCount "70"]
[EventDate "2017.01.02"]
[EventType "swiss"]
[EventRounds "7"]
[EventCountry "ITA"]
[SourceTitle "CBM 176 Extra"]
[Source "ChessBase"]
[SourceDate "2017.03.02"]
[SourceVersion "1"]
[SourceVersionDate "2017.03.02"]
[SourceQuality "1"]

1. e4 Nc6 2. Nf3 d6 3. Bc4 h6 4. h3 Nf6 5. d3 Na5 6. Nc3 Nxc4 7. dxc4 Be6 8. Qd3 c6 9. Be3 Qa5 10. Nd4 Bd7 11. Nb3 Qc7 12. Bf4 g5 13. Bh2 e5 14. g4 Be7 15. f3 Be6 16. 0-0-0 0-0-0 17. Qe2 h5 18. Bg3 h4 19. Bh2 Nd7 20. Rd2 Qb6 21. Nd5 Bxd5 22. cxd5 c5 23. Rhd1 Kb8 24. Bg1 Qb4 25. c4 Ka8 26. Bf2 Nf8 27. Rc2 Ng6 28. Rc3 Nf4 29. Qf1 Rb8 30. Na1 b5 31. Nc2 Qa5 32. Ra3 Qb6 33. Rb3 Qa5 34. Ra3 Qb6 35. Rb3 Qa5 1/2-1/2

[Event "Torino Epifania op"]
[Site "Torino"]
[Date "2016.01.06"]
[Round "5"]
[White "Biccari, Alessandro"]
[Black "Giacometto, Mario"]
[Result "1/2-1/2"]
[WhiteElo "1684"]
[BlackElo "1930"]
[PlyCount "90"]
[EventDate "2016.01.03"]
[EventType "swiss"]
[EventRounds "6"]
[EventCountry "ITA"]
[SourceTitle "EXT 2018"]
[Source "ChessBase"]
[SourceDate "2017.10.13"]
[SourceVersion "1"]
[SourceVersionDate "2017.10.13"]
[SourceQuality "1"]

1. e4 Nf6 2. e5 Nd5 3. d4 d6 4. Nf3 dxe5 5. Nxe5 c6 6. Be2 Nd7 7. Nf3 N7f6 8. 0-0 Bg4 9. Ne5 Bxe2 10. Qxe2 e6 11. c4 Nc7 12. Be3 Bd6 13. Nc3 0-0 14. Bg5 Be7 15. Rfd1 Re8 16. Bxf6 Bxf6 17. Ne4 Be7 18. Rd3 f6 19. Nf3 Bf8 20. Rad1 Qe7 21. Re3 g6 22. Nc3 Rad8 23. d5 cxd5 24. cxd5 Rd6 25. dxe6 Rxe6 26. Rdd3 Qf7 27. Ne4 Bh6 28. Nd6 Rxe3 29. fxe3 Qxa2 30. Nxe8 Nxe8 31. Ra3 Qb1+ 32. Kf2 Nd6 33. g3 Qh1 34. Qd3 Bf8 35. Qd5+ Kg7 36. Rxa7 f5 37. Qe5+ Kh6 38. Qf4+ Kg7 39. Ng5 Qxh2+ 40. Kf3 Qh1+ 41. Kf2 Kf6 42. e4 Qh2+ 43. Kf3 Qh1+ 44. Kf2 Qh2+ 45. Kf3 Qh1+ 1/2-1/2

[Event "ITA-ch U12"]
[Site "Tarvisio"]
[Date "2014.07.03"]
[Round "7"]
[White "Nordio, Giorgio"]
[Black "Biccari, Alessandro"]
[Result "1/2-1/2"]
[WhiteElo "1729"]
[BlackElo "1617"]
[PlyCount "65"]
[EventDate "2014.06.29"]
[EventType "swiss"]
[EventRounds "9"]
[EventCountry "ITA"]
[SourceTitle "EXT 2024"]
[Source "ChessBase"]
[SourceDate "2023.10.10"]
[SourceVersion "1"]
[SourceVersionDate "2023.10.10"]
[SourceQuality "1"]

1. c4 c5 2. g3 g6 3. Bg2 Bg7 4. Nf3 Nc6 5. 0-0 e5 6. Nc3 Nge7 7. d3 0-0 8. Rb1 d6 9. a3 a5 10. Bd2 h6 11. Nb5 Be6 12. b4 axb4 13. axb4 cxb4 14. Bxb4 Nxb4 15. Rxb4 d5 16. Nd2 Nc6 17. Rb1 dxc4 18. Nxc4 Bxc4 19. dxc4 Qxd1 20. Rfxd1 Rfd8 21. Nd6 Nd4 22. Nxb7 Nxe2+ 23. Kf1 Rxd1+ 24. Rxd1 Nd4 25. Nd6 Rd8 26. Nb5 Rc8 27. Nxd4 exd4 28. Bd5 Kf8 29. Ke2 Ke7 30. Rb1 Rc7 31. Kd3 Ra7 32. Re1+ Kd6 33. Ke4 1/2-1/2

[Event "Giovanni Pico Cup 7th"]
[Site "Mirandola"]
[Date "2014.01.12"]
[Round "4"]
[White "Biccari, Alessandro"]
[Black "Bianchin, Raffaele"]
[Result "0-1"]
[WhiteElo "1509"]
[BlackElo "1761"]
[PlyCount "136"]
[EventDate "2014.01.10"]
[EventType "swiss"]
[EventRounds "5"]
[EventCountry "ITA"]
[SourceTitle "EXT 2015"]
[Source "ChessBase"]
[SourceDate "2014.11.20"]
[SourceVersion "1"]
[SourceVersionDate "2014.11.20"]
[SourceQuality "1"]

1. e4 c5 2. Nc3 Nc6 3. f4 d6 4. Nf3 g6 5. Bc4 Bg4 6. h3 Bxf3 7. Qxf3 a6 8. d3 e6 9. Be3 Bg7 10. f5 Ne5 11. Qf2 Nxc4 12. dxc4 b5 13. fxe6 fxe6 14. 0-0 Nf6 15. cxb5 0-0 16. Qe2 axb5 17. e5 Nd5 18. Rxf8+ Qxf8 19. Rf1 Qd8 20. Nxd5 exd5 21. exd6 Qxd6 22. Qxb5 Rb8 23. Qa5 Qb6 24. Qxb6 Rxb6 25. b3 d4 26. Bd2 Ra6 27. a4 c4 28. Rf3 d3 29. bxc4 dxc2 30. Rb3 Rxa4 31. Rb8+ Kf7 32. Rb7+ Kf6 33. Rb6+ Kf5 34. g4+ Ke5 35. Kf2 Ra1 36. Rb7 Bf8 37. Rxh7 c1Q 38. Bxc1 Rxc1 39. Rc7 Rc2+ 40. Ke3 Rc3+ 41. Kd2 Rxh3 42. Rc6 g5 43. Rg6 Bb4+ 44. Ke2 Rh2+ 45. Kf3 Bd2 46. Rg8 Bf4 47. Re8+ Kd6 48. Ra8 Rh3+ 49. Ke4 Rc3 50. Ra6+ Kc5 51. Ra8 Rxc4+ 52. Kf5 Kd6 53. Ra6+ Rc6 54. Rxc6+ Kxc6 55. Ke4 Kc5 56. Kf3 Kd4 57. Kg2 Ke3 58. Kh3 Bc7 59. Kg2 Kf4 60. Kh3 Bd6 61. Kg2 Kxg4 62. Kg1 Kg3 63. Kh1 g4 64. Kg1 Kf3 65. Kh1 Bf8 66. Kg1 g3 67. Kh1 g2+ 68. Kg1 Bc5+ 0-1

[Event "Giovanni Pico Cup 7th"]
[Site "Mirandola"]
[Date "2014.01.11"]
[Round "2"]
[White "Guaragno, Michele"]
[Black "Biccari, Alessandro"]
[Result "1-0"]
[WhiteElo "1965"]
[BlackElo "1509"]
[PlyCount "81"]
[EventDate "2014.01.10"]
[EventType "swiss"]
[EventRounds "5"]
[EventCountry "ITA"]
[SourceTitle "EXT 2015"]
[Source "ChessBase"]
[SourceDate "2014.11.20"]
[SourceVersion "1"]
[SourceVersionDate "2014.11.20"]
[SourceQuality "1"]

1. e4 e5 2. Nf3 Nc6 3. Bc4 Bc5 4. 0-0 Nf6 5. d3 d6 6. c3 Bg4 7. a4 a6 8. Bg5 0-0 9. h3 Bh5 10. Nbd2 h6 11. Bh4 Re8 12. b4 Bb6 13. a5 Ba7 14. Qb3 Qe7 15. b5 axb5 16. Bxb5 Red8 17. a6 Rab8 18. Bxc6 bxc6 19. Qa4 Rb6 20. Nc4 Rb5 21. Na5 Qd7 22. Qd1 Ra8 23. Nc4 Rab8 24. Bxf6 gxf6 25. Nfxe5 Qxh3 26. gxh3 Bxd1 27. Nxc6 Rg5+ 28. Kh2 Be2 29. Nxb8 Bxb8 30. Rg1 Ba7 31. Rxg5+ fxg5 32. Kg2 Bxd3 33. Nd2 Kg7 34. Kf3 Kf6 35. Nb3 Ke5 36. Ra5+ Ke6 37. Nd4+ Kd7 38. Nb5 Kc6 39. Nxa7+ Kb6 40. Nc8+ Kxa5 41. a7 1-0